<?xml version="1.0" encoding="UTF-8"?><?xml-stylesheet type="text/xsl" href="static/style.xsl"?><OAI-PMH xmlns="http://www.openarchives.org/OAI/2.0/" xmlns:xsi="http://www.w3.org/2001/XMLSchema-instance" xsi:schemaLocation="http://www.openarchives.org/OAI/2.0/ http://www.openarchives.org/OAI/2.0/OAI-PMH.xsd"><responseDate>2026-05-13T16:09:14Z</responseDate><request verb="GetRecord" identifier="oai:recam.amb.cat:20.500.14439/4717" metadataPrefix="marc">https://recam.amb.cat/rest/oai/request</request><GetRecord><record><header><identifier>oai:recam.amb.cat:20.500.14439/4717</identifier><datestamp>2026-04-23T23:45:20Z</datestamp><setSpec>com_20.500.14439_2794</setSpec><setSpec>com_20.500.14439_113</setSpec><setSpec>col_20.500.14439_4201</setSpec></header><metadata><record xmlns="http://www.loc.gov/MARC21/slim" xmlns:dcterms="http://purl.org/dc/terms/" xmlns:xsi="http://www.w3.org/2001/XMLSchema-instance" xmlns:doc="http://www.lyncode.com/xoai" xsi:schemaLocation="http://www.loc.gov/MARC21/slim http://www.loc.gov/standards/marcxml/schema/MARC21slim.xsd">
   <leader>00925njm 22002777a 4500</leader>
   <datafield ind2=" " ind1=" " tag="042">
      <subfield code="a">dc</subfield>
   </datafield>
   <datafield ind2=" " ind1=" " tag="720">
      <subfield code="a">Institut d'Estudis Regionals i Metropolitans de Barcelona</subfield>
      <subfield code="e">author</subfield>
   </datafield>
   <datafield ind2=" " ind1=" " tag="260">
      <subfield code="c">2001-10-01</subfield>
   </datafield>
   <datafield ind2=" " ind1=" " tag="520">
      <subfield code="a">L'Enquesta sobre les condicions de vida i hàbits de la població de la regió de Barcelona (Enquesta de la Regió de Barcelona, ERB) es planteja quinquennalment reflectir i analitzar de manera exhaustiva la realitat social i econòmica de la població d'aquest territori. El document que el lector té a les mans presenta els primers resultats corresponents a l'edició de l'any 2000, així com l'evolució de les principals variables respecte l'edició de 1995. El volum s'estructura en tres grans blocs temàtics -els referits a la mobilitat laboral i no obligada, la mobilitat residencial, i la distribució dels ingressos familiars-, que es complementen amb l'exposició del context general de la realitat socioeconòmica de la població de la regió de Barcelona i una síntesi dels resultats més destacats d'aquesta primera lectura.</subfield>
   </datafield>
   <datafield ind1="8" ind2=" " tag="024">
      <subfield code="a">https://hdl.handle.net/20.500.14439/4717</subfield>
   </datafield>
   <datafield tag="653" ind2=" " ind1=" ">
      <subfield code="a">Mobilitat</subfield>
   </datafield>
   <datafield ind2="0" ind1="0" tag="245">
      <subfield code="a">Enquesta de la regió de Barcelona 2000: primers resultats. Papers, 34</subfield>
   </datafield>
</record></metadata></record></GetRecord></OAI-PMH>